[Event "Marianske Lazne op"]
[Site "Marianske Lazne"]
[Date "2011.01.19"]
[Round "6"]
[White "Svoboda, Frantisek"]
[Black "Vachulka, Vaclav"]
[Result "1-0"]
[WhiteElo "1671"]
[BlackElo "1689"]
[PlyCount "73"]
[EventDate "2011.01.15"]
[EventType "swiss"]
[EventRounds "9"]
[EventCountry "CZE"]
[SourceTitle "CBM 140 Extra"]
[Source "ChessBase"]
[SourceDate "2011.03.01"]
[SourceVersion "1"]
[SourceVersionDate "2011.03.01"]
[SourceQuality "1"]

1. d4 d6 2. e4 Nf6 3. Nc3 g6 4. Be3 Bg7 5. Qd2 0-0 6. Bh6 a6 7. 0-0-0 Nc6 8. Be2 e5 9. Bxg7 Kxg7 10. dxe5 dxe5 11. Qe3 Qe7 12. h4 Nd4 13. f3 Nh5 14. g4 Ng3 15. Rh3 Ngxe2+ 16. Ngxe2 Nxe2+ 17. Nxe2 Be6 18. h5 g5 19. Ng3 h6 20. Rd5 f6 21. Rh2 Rad8 22. Rhd2 Rxd5 23. exd5 Bc8 24. Qd3 Qf7 25. Nf5+ Bxf5 26. Qxf5 Rd8 27. c4 c6 28. Qe4 cxd5 29. Rxd5 Rxd5 30. cxd5 b5 31. d6 f5 32. Qc6 fxg4 33. d7 Qf4+ 34. Kc2 Qa4+ 35. Kc1 Qf4+ 36. Kb1 Qd4 37. Qg6+ 1-0